000 02324 a2200241 4500
003 UA-OsUOA
005 20260323163053.0
008 260323b un ||||| |||| 00| 0 ukr d
020 _a9789669428431
040 _bukr
_cUA-OsUOA
080 _a82-94(477)"19":929
090 _a82-94(477)"19":929
_bВ99
100 _aВ'ятрович В.
_924599
245 _aГенерал Кук. Біографія покоління УПА
_cВолодимир В'ятрович
260 _aХарків
_bВіват
_c2025
300 _a944 с.
490 _aІсторія та політика
520 _aВасиль Кук — останній командир УПА. Людина, яка пройшла крізь усі великі трагедії та злами українського ХХ століття і дожила до незалежності, за яку боролася все життя. Боротьба українських підпільників проти польської влади, спроба відновлення незалежності в 1941-му, розгортання мережі ОУН на півдні та сході України, протистояння нацистському режиму, найбільший бій УПА під Гурбами весною 1944 року, війна повстанців проти совєтської влади, репресії та провокації, спроби КҐБ ламати непокірних в’язнів і врешті розвал совєтської імперії — це все розділи біографії Кука. Але ця книжка — не лише життєпис непересічної постаті, а й масштабне дослідження українського національного руху: від його зародження в ХІХ столітті до збройного спротиву проти нацистів і совєтів, і до перших років незалежної України.
650 _a94(477) Історія України
_91446
942 _cBK
_2udc
955 _a3
999 _c580164
_d580164